Non-nominative subjects edited by Per Bhaskararao and Karumuri Venkata Subbarao (Record no. 929924)

MARC details
000 -LEADER
fixed length control field 00975nam a2200289Ia 4500
003 - CONTROL NUMBER IDENTIFIER
control field OSt
005 - DATE AND TIME OF LATEST TRANSACTION
control field 20221005022725.0
008 - FIXED-LENGTH DATA ELEMENTS--GENERAL INFORMATION
fixed length control field 221004b |||||||| |||| 00| 0 eng d
020 ## - INTERNATIONAL STANDARD BOOK NUMBER
International Standard Book Number 158811533X
037 ## - SOURCE OF ACQUISITION
Terms of availability Textual
040 ## - CATALOGING SOURCE
Original cataloging agency CRL
Transcribing agency CRL
Language of cataloging eng
041 ## - LANGUAGE CODE
Source of code eng
Language code of text/sound track or separate title eng
100 ## - MAIN ENTRY--PERSONAL NAME
Personal name Bhaskararao Peri Ed.
9 (RLIN) 578533
245 #0 - TITLE STATEMENT
Title Non-nominative subjects edited by Per Bhaskararao and Karumuri Venkata Subbarao
260 ## - PUBLICATION, DISTRIBUTION, ETC.
Place of publication, distribution, etc. Amsterdam
Name of publisher, distributor, etc. John Benjamins Publishing Company
Date of publication, distribution, etc. 2004
300 ## - PHYSICAL DESCRIPTION
Extent 323; 317p.
Dimensions cm.
490 ## - SERIES STATEMENT
Series statement Typological studies in language
650 ## - SUBJECT ADDED ENTRY--TOPICAL TERM
Topical term or geographic name entry element LINGUISTICS
650 ## - SUBJECT ADDED ENTRY--TOPICAL TERM
Topical term or geographic name entry element LINGUISTICS
700 ## - ADDED ENTRY--PERSONAL NAME
Personal name Subbarao Karumuri Venkata Ed.
9 (RLIN) 578534
942 ## - ADDED ENTRY ELEMENTS (KOHA)
Classification part P:3, P4.1-.2
Koha item type Textual
Source of classification or shelving scheme
Holdings
Withdrawn status Lost status Damaged status Not for loan Home library Current library Date acquired Source of acquisition Cost, normal purchase price Total Checkouts Full call number Barcode Date last seen Date last checked out Cost, replacement price Price effective from Koha item type
        Central Library Central Library 2022-10-05 436, 30/03/2005, Vardhman Books 14595.00 2 P:3 P4.1-.2 CL1180340 2025-05-05 2025-04-09 14595.00 2022-10-05 Textual
Copyright @ Delhi University Library System